000 00271nam a2200121Ia 4500
008 220216s9999 xx 000 0 und d
100 _aThomas K U
245 0 _aVenalkkala rubber tapping
260 _bRubber
_c2016
300 _a9-Jul
650 _aTapping
942 _cBS
999 _c49987
_d49987